000 01195cam a2200277 i 4500
005 20160218160308.0
008 950612s1994 ck a r 00010 spa d
015 _ack-1994-xxxx
020 _a9589550452
040 _ala
_cla
_dCO-BoIAVH
041 0 _aspa
043 _as-ck---
082 0 4 _a551.45
_bS11s
245 1 0 _aSabanas naturales de Colombia /
_cDirección científica Jorge Hernández Camacho ; presentación Mauricio Cabrera Galvis ; textos Jorge Hernández camacho y (otros más) ; fotografía Juan Manuel Renjifo, Diego Samper Martínez ; ilustraciones Miguel Camacho y (otros más).
260 _aBogotá :
_bBanco de Occidente,
_c1994.
300 _a207 páginas :
_bilustraciones y fotografías ;
_c34 cm.
504 _aIncluye referencias bibliográficas y glosario.
650 1 6 _aEcología de sabanas.
650 2 6 _aSabanas
_z Colombia.
700 1 _aHernández Camacho, Jorge Ignacio,
_d1935-
700 1 _aCabrera Galvis, Mauricio.
700 1 _aRenjifo, Juan Manuel,
_eilustrador.
700 1 _aSamper Martínez, Diego,
_d1954-,
_eilustrador.
700 1 _aCamacho, Miguel,
_eilustrador.
942 _2ddc
_cLIBRO
999 _c70
_d70